Educación en Chile: qué piensan los padres?
Gespeichert in:
| Körperschaft: | |
|---|---|
| Format: | Buch |
| Sprache: | Spanisch |
| Veröffentlicht: |
Santiago
Centro de Estudios Públicos
1997
|
| Schriftenreihe: | Estudio Nacional de Opinión Pública, 5. Noviembre-Diciembre 1996. Documento de Trabajo, 268
|
| Schlagworte: | |
| Tags: |
Tag hinzufügen
Keine Tags, Fügen Sie den ersten Tag hinzu!
|
MARC
| LEADER | 00000nam a2200000 a 4500 | ||
|---|---|---|---|
| 001 | UCO4307 | ||
| 003 | CL-VaPUC | ||
| 008 | 000728e19970600CL |||||||||||||||||spa|d | ||
| 082 | 0 | 4 | |a 370.983 |b CEN |2 21 |
| 110 | 2 | |a Centro de Estudios Públicos |e author |9 448722 | |
| 245 | 1 | 0 | |a Educación en Chile: qué piensan los padres? |
| 300 | |a 84 p | ||
| 942 | |c BK | ||
| 945 | |d 20000728 00:00:00 |a crobeson | ||
| 260 | |a Santiago |b Centro de Estudios Públicos |c 1997 | ||
| 650 | 0 | |a Educación chilena |9 327162 | |
| 650 | 7 | |a SISTEMA EDUCACIONAL |2 CL-VaPUC |9 339433 | |
| 650 | 0 | |a Opinión pública |9 255512 | |
| 651 | 7 | |a CHILE |2 CL-VaPUC |9 448723 | |
| 583 | |a last modification |c 20160914 10:09:05 |k Rodrigo Vera | ||
| 490 | 0 | |a Estudio Nacional de Opinión Pública, 5. Noviembre-Diciembre 1996. Documento de Trabajo, 268 | |
| 999 | |c 290370 |d 290368 | ||
| 952 | |0 0 |1 0 |4 0 |6 370_983000000000000_CEN_1997 |7 0 |8 A |9 339715 |a BIBHIS |b BIBHIS |d 2019-11-20 |i 1213490 |o 370.983 CEN 1997 |p 1213490 |r 2025-01-20 |w 2019-11-20 |y BK |k HIS | ||